Thermal diagnostic of power thyristor / (Rekord nr 5)
| 000 -ETYKIETA REKORDU | |
|---|---|
| podpole kontrolne o stałej długości | 01572naa a2200265 i 4500 |
| 001 - NUMER KONTROLNY REKORDU | |
| podpole kontrolne | 5 |
| 003 - IDENTYFIKATOR NUMERU KONTROLNEGO REKORDU | |
| podpole kontrolne | KOSZ 005 |
| 005 - DATA OSTATNIEJ MODYFIKACJI REKORDU | |
| podpole kontrolne | 20180508085458.0 |
| 008 - POLE O STAŁEJ DŁUGOŚCI - DANE KONTROLNE | |
| podpole kontrolne o stałej długości | 151030s2001 fr f |100 0 eng d |
| 040 ## - ŹRÓDŁO KATALOGOWANIA | |
| Instytucja, która utworzyła rekord | BPK |
| Instytucja, która dokonała modyfikacji | KOSZ005/HR |
| 041 ## - KOD JĘZYKA | |
| Kod języka tekstu | eng |
| 044 ## - KOD KRAJU WYDAWCY/PRODUCENTA | |
| Kod kraju wydawcy/producenta | FRA |
| 080 ## - UNIWERSALNA KLASYFIKACJA DZIESIĘTNA - UKD | |
| UKD | 621.382.3 |
| 100 1# - NAZWA OSOBOWA | |
| Nazwa osobowa | SUSZYŃSKI, Zbigniew. |
| Lata pracy | 1996 - . |
| Instytucja | Politechnika Koszalińska - Wydział Elektroniki, |
| Wydział | Katedra Elektroniki Ciała Stałego |
| 245 10 - TYTUŁ/ODPOWIEDZIALNOŚĆ | |
| Tytuł | Thermal diagnostic of power thyristor / |
| Pozostałe elementy strefy tytułu i oznaczenia odpowiedzialności | Zbigniew Suszyński, Robert Arsoba, Piotr Majchrzak. |
| 500 ## - UWAGI OGÓLNE | |
| Tekst uwagi | sprawozdanie jednostki (Informator o publikowanych wynikach prac naukowo-badawczych w 2002 roku Wydziału Elektroniki). |
| 520 ## - UWAGA DOTYCZĄCA TREŚCI DOKUMENTU | |
| Analiza dokumentacyjna, adnotacja itp. | In this paper a non-destructive photothermal method of testing, namely Thermal Wave Microscopy (TWM), is applied to assess the quality of adhesion between the silicon and molybdenum layers in power thyristor structures. |
| 650 #0 - HASŁO PRZEDMIOTOWE W FORMIE NAZWY OGÓLNEJ LUB JEDNOSTKOWEJ | |
| Nazwa ogólna lub geograficzna | Tyrystory. |
| 655 #0 - TERMIN INDEKSOWY - OKREŚLENIE RODZAJU/FORMY DOKUMENTU | |
| Określnie rodzaju/formy dokumentu | Materiały konferencyjne. |
| 700 1# - HASŁO DODATKOWE - NAZWA OSOBOWA | |
| Nazwa osobowa | ARSOBA, Robert. |
| Instytucja | Politechnika Koszalińska - Wydział Elektroniki, |
| Lata pracy | 1996 - . |
| Afiliacja | Katedra Inżynierii Komputerowej |
| 700 1# - HASŁO DODATKOWE - NAZWA OSOBOWA | |
| Nazwa osobowa | MAJCHRZAK, Piotr. |
| Instytucja | Politechnika Koszalińska - Wydział Elektroniki, |
| Lata pracy | 1998 - . |
| Afiliacja | Katedra Inżynierii Komputerowej |
| 711 ## - HASŁO DODATKOWE - NAZWA IMPREZY | |
| Nazwa imprezy | Therminic Workshop |
| Oznaczenie części/sekcji dzieła | (7 ; |
| Data imprezy | 2001 ; |
| Miejsce imprezy | Paryż, Francja). |
| 773 08 - TYTUŁ DOKUMENTU MACIERZYSTEGO | |
| Wyrażenie wprowadzające | W : |
| Tytuł | International workshop on thermal investigations of ICs and systems : plus a special half-day on dynamic measurements : THERMINIC, Paris, France, 24-27 September 2001. - |
| Adres wydawniczy | Grenoble : TIMA, 2001. - |
| Informacje dotyczące relacji | s. 180-184 |
| ISBN | 9782913329720 |
| 942 ## - HASŁO DODATKOWE - ELEMENTY(KOHA) | |
| Typ dokumentu | Rozdział |
| Schemat klasyfikacji | Uniwersalna klasyfikacja dziesiętna |
Brak dostępnych egzemplarzy.
